000 00196 a2200097 4500
020 _a9780553384246
041 _aeng
100 _aMildred Armstrong Kalish
245 _aLittle Heathens
942 _cK
999 _c26960
_d26960